Derecho de relación directa y regular

Zapisane w:
Opis bibliograficzny
1. autor: Acuña San Martín, Marcela (autora)
Format: Książka
Język:hiszpański
Wydane: Santiago Legal Publishing 2014
Wydanie:1a. ed
Seria:Colección Tratados y Manuales
Hasła przedmiotowe:
Dostęp online:https://pucv.idm.oclc.org/login?url=https://proview.thomsonreuters.com/title.html?redirect=true&titleKey=LALEY%2F2014%2F41686275%2Fv1.1&titleStage=F&titleAcct=ia744d7790000015df5dd617f34f056f9#sl=0&eid=9c1fca431b5724e11150ef0943d2c58f&eat=26F4F6B3-EC7B-4180-7DF6-AB1C23B85A42&pg=&psl=e&nvgS=false
Etykiety: Dodaj etykietę
Nie ma etykietki, Dołącz pierwszą etykiete!

MARC

LEADER 00000cam a2200000 a 4500
001 UCE6196
003 CL-VaPUC
005 20210802134447.0
008 150326e20140600cl |||||||||||||||||spa|d
999 |c 358582  |d 358580 
020 |a 9789563465471 
040 |c Pontificia Universidad Católica de Valparaíso 
082 0 4 |a 346.83015  |b ACU  |2 21 
100 |a Acuña San Martín, Marcela  |e autora  |9 622405 
245 1 0 |a Derecho de relación directa y regular 
250 |a 1a. ed 
260 |a Santiago  |b Legal Publishing  |c 2014 
300 |a 294 p 
490 0 |a Colección Tratados y Manuales 
583 |a last modification  |c 20150326 13:02:00  |k Rodrigo Vera 
650 0 |a Derecho civil chileno  |9 320612 
650 0 |a Derecho de familia  |9 255603 
650 7 |a CUIDADO DEL NIÑO  |2 CL-VaPUC  |9 538509 
650 7 |a PADRES DE FAMILIA  |2 CL-VaPUC  |9 524186 
852 |a BIBCUR 
856 |u https://pucv.idm.oclc.org/login?url=https://proview.thomsonreuters.com/title.html?redirect=true&titleKey=LALEY%2F2014%2F41686275%2Fv1.1&titleStage=F&titleAcct=ia744d7790000015df5dd617f34f056f9#sl=0&eid=9c1fca431b5724e11150ef0943d2c58f&eat=26F4F6B3-EC7B-4180-7DF6-AB1C23B85A42&pg=&psl=e&nvgS=false 
942 |c BK  |2 ddc 
945 |d 20150326 13:02:00  |a arojas 
952 |0 0  |1 0  |3 erb  |4 0  |6 346_830150000000000_ACU_2014  |7 0  |8 A  |9 467394  |a BIBDER  |b BIBDER  |i 5142725  |l 5  |m 3  |o 346.83015 ACU 2014  |p 5142725  |r 2023-11-16  |s 2023-11-09  |w 2019-11-23  |y BK  |z Catalogado en:20150326  |k DER